[Event "Women's Speed Chess Q2"]
[Site "chess.com INT"]
[Date "2020.06.19"]
[Round "2"]
[White "Kiran, Manisha Mohanty"]
[Black "Tsotsonava, Elene"]
[Result "1-0"]
[WhiteTitle "WGM"]
[BlackTitle "WFM"]
[WhiteElo "2168"]
[BlackElo "2012"]
[WhiteFideId "5019575"]
[BlackFideId "13615939"]
[EventDate "2020.06.19"]

1. e4 c5 2. Nf3 e6 3. d4 cxd4 4. Nxd4 Nc6 5. Nb5 d6 6. c4 Nf6 7. N1c3 a6 8. Na3
b6 9. Be2 Bb7 10. O-O Be7 11. Be3 Ne5 12. f4 Ng6 13. f5 Ne5 14. fxe6 fxe6 15.
Bd4 O-O 16. Bd3 Rc8 17. b3 Nxd3 18. Qxd3 d5 19. e5 dxc4 20. Nxc4 Nd5 21. Ne4 Nf4
22. Rxf4 Rxf4 23. Ned6 Rxc4 24. bxc4 Bxd6 25. exd6 Qxd6 26. Rd1 Qc6 27. Qg3 Rxd4
28. Rxd4 Qc5 29. Qb8+ Bc8 30. Qd6 Qxd6 31. Rxd6 Kf7 32. Rxb6 e5 33. Rc6 Bb7 34.
Rc7+ 1-0

[Event "Women's Speed Chess Q2"]
[Site "chess.com INT"]
[Date "2020.06.19"]
[Round "2"]
[White "Mkrtchian, Lilit"]
[Black "Buksa, Nataliya"]
[Result "0-1"]
[WhiteTitle "IM"]
[BlackTitle "IM"]
[WhiteElo "2388"]
[BlackElo "2410"]
[WhiteFideId "13300601"]
[BlackFideId "14123622"]
[EventDate "2020.06.19"]

1. d4 d5 2. c4 e6 3. Nc3 Nf6 4. cxd5 exd5 5. Bg5 Nbd7 6. e3 c6 7. Bd3 Be7 8. h3
Nf8 9. Bf4 Ng6 10. Bg3 Bd6 11. Bxd6 Qxd6 12. Nf3 O-O 13. Qc2 b5 14. O-O-O a5 15.
Kb1 a4 16. g4 Ba6 17. h4 a3 18. b3 b4 19. h5 Bxd3 20. Rxd3 Ne7 21. Ne2 Ne4 22.
Nf4 Rac8 23. Ka1 c5 24. dxc5 Rxc5 25. Qd1 Nxf2 26. Qf1 Nxh1 27. Qxh1 Rfc8 28.
Rd1 Qf6+ 29. Nd4 Qe5 30. Nd3 Qxe3 31. Nxc5 Qc3+ 32. Kb1 Qb2# 0-1

[Event "Women's Speed Chess Q2"]
[Site "chess.com INT"]
[Date "2020.06.19"]
[Round "2"]
[White "Voit, Daria"]
[Black "Shevtchenko, Olesya"]
[Result "0-1"]
[WhiteTitle "WGM"]
[BlackTitle "WFM"]
[WhiteElo "2343"]
[BlackElo "2054"]
[WhiteFideId "4182146"]
[BlackFideId "24131890"]
[EventDate "2020.06.19"]

1. d4 c6 2. c4 d5 3. Nf3 Nf6 4. Qc2 g6 5. Bf4 Bg7 6. e3 O-O 7. Nc3 Bf5 8. Bd3
Bxd3 9. Qxd3 Nbd7 10. cxd5 cxd5 11. h3 Rc8 12. O-O Nb6 13. Rfc1 Nc4 14. b3 Nd6
15. Nb5 Nxb5 16. Qxb5 Qb6 17. Qxb6 axb6 18. a4 Nd7 19. Kf1 Rc6 20. Rxc6 bxc6 21.
b4 Ra8 22. a5 c5 23. bxc5 bxc5 24. Ke2 c4 25. Ne1 Nc5 26. Ra3 Na6 27. Nc2 f6 28.
Kd2 e5 29. Bg3 Kf7 30. Kc3 Ke6 31. Ra2 Rb8 32. Rb2 Rxb2 33. Kxb2 Bf8 34. Kc3 Bd6
35. Bh2 Bc7 36. Kb2 Bxa5 37. Bg3 Nb4 38. Na3 Nd3+ 39. Kb1 Be1 40. dxe5 fxe5 41.
Nc2 Bxf2 0-1

[Event "Women's Speed Chess Q2"]
[Site "chess.com INT"]
[Date "2020.06.19"]
[Round "2"]
[White "Pham, Bich Ngoc"]
[Black "Belenkaya, Dina"]
[Result "0-1"]
[WhiteTitle "WIM"]
[BlackTitle "WGM"]
[WhiteElo "2235"]
[BlackElo "2297"]
[WhiteFideId "12401285"]
[BlackFideId "24142654"]
[EventDate "2020.06.19"]

1. g3 d5 2. Bg2 c6 3. d3 Bg4 4. h3 Bh5 5. f4 e6 6. Nf3 f5 7. Be3 Nd7 8. c3 Bd6
9. Bf2 e5 10. fxe5 Nxe5 11. Nbd2 Nf6 12. O-O Qc7 13. Nd4 Nxd3 14. Nxf5 Nxf2 15.
Kxf2 Bc5+ 16. Nd4 O-O 17. Bf3 Ne4+ 18. Nxe4 dxe4 19. g4 Qh2+ 20. Ke3 Qf4+ 21.
Kf2 exf3 22. gxh5 fxe2+ 23. Kxe2 Rae8+ 24. Kd3 Qe4+ 25. Kc4 Qd5+ 26. Kd3 Bxd4
27. cxd4 Qb5+ 28. Kc3 Re3+ 29. Kd2 Rd3+ 30. Kc2 Rxd1 31. Rxf8+ Kxf8 32. Rxd1 Ke7
33. Rd3 Kd6 34. b3 Qf5 35. h6 gxh6 36. a4 h5 37. Kc3 h4 38. Kc4 b5+ 39. axb5
cxb5+ 40. Kc3 b4+ 41. Kc2 a5 42. Kd2 Qf2+ 43. Kc1 Kd5 44. Rd1 Qe3+ 45. Rd2 Qxh3 0-1

[Event "Women's Speed Chess Q2"]
[Site "chess.com INT"]
[Date "2020.06.19"]
[Round "2"]
[White "Arakhamia-Grant, Ketevan"]
[Black "Paehtz, Elisabeth"]
[Result "1-0"]
[WhiteTitle "GM"]
[BlackTitle "IM"]
[WhiteElo "2380"]
[BlackElo "2473"]
[WhiteFideId "13600168"]
[BlackFideId "4641833"]
[EventDate "2020.06.19"]

1. e4 c5 2. Nf3 d6 3. Bb5+ Nd7 4. O-O Nf6 5. Re1 a6 6. Bf1 g6 7. c3 Bg7 8. d4
O-O 9. e5 Ne8 10. Bf4 Qb6 11. Nbd2 Qc6 12. Ne4 d5 13. Ng3 Nc7 14. Qd2 Ne6 15.
Bh6 b6 16. h4 a5 17. h5 Ba6 18. Bxa6 Rxa6 19. Bxg7 Kxg7 20. Nh4 Raa8 21. f4 Kh8
22. f5 gxf5 23. Ngxf5 Rae8 24. Rf1 f6 25. Qh6 Rf7 26. Rf3 Ng5 27. Rg3 Nb8 28.
Rf1 cxd4 29. Ng6+ Kg8 30. Rxg5 fxg5 31. Nfxe7+ Rfxe7 32. Rf8+ 1-0

[Event "Women's Speed Chess Q2"]
[Site "chess.com INT"]
[Date "2020.06.19"]
[Round "2"]
[White "Sargsyan, Anna M."]
[Black "Nandhidhaa, P V"]
[Result "1-0"]
[WhiteTitle "WGM"]
[BlackTitle "WGM"]
[WhiteElo "2405"]
[BlackElo "2365"]
[WhiteFideId "13308130"]
[BlackFideId "5050847"]
[EventDate "2020.06.19"]

1. d4 Nf6 2. c4 e6 3. Nf3 c5 4. Nc3 cxd4 5. Nxd4 b6 6. Bg5 a6 7. e3 Bb7 8. Bd3
d6 9. O-O Be7 10. Rc1 O-O 11. Bb1 Nbd7 12. b4 Rc8 13. Qe2 d5 14. cxd5 Nxd5 15.
Nxd5 Bxg5 16. Rxc8 Qxc8 17. Qh5 g6 18. Qxg5 Bxd5 19. h4 Qd8 20. Qg3 Qf6 21. Rc1
Ne5 22. h5 b5 23. Rc7 Nc4 24. Bd3 e5 25. Bxc4 Bxc4 26. Nc6 Rd8 27. Nxd8 Qxd8 28.
Qxe5 Qd1+ 29. Kh2 Qxh5+ 30. Qxh5 gxh5 31. a3 Kg7 32. Rc6 1-0

[Event "Women's Speed Chess Q2"]
[Site "chess.com INT"]
[Date "2020.06.19"]
[Round "2"]
[White "Socko, Monika"]
[Black "Koridze, Lile"]
[Result "1-0"]
[WhiteTitle "GM"]
[BlackTitle "WFM"]
[WhiteElo "2428"]
[BlackElo "1996"]
[WhiteFideId "1106619"]
[BlackFideId "13612514"]
[EventDate "2020.06.19"]

1. d4 Nf6 2. c4 e6 3. Nf3 d5 4. g3 Bb4+ 5. Nbd2 O-O 6. Bg2 b6 7. Qc2 Bb7 8. O-O
Nbd7 9. a3 Be7 10. b4 c5 11. dxc5 bxc5 12. b5 d4 13. a4 e5 14. Ng5 Qc7 15. Bxb7
Qxb7 16. a5 h6 17. Nge4 Qc7 18. Nxf6+ Nxf6 19. Ne4 Nxe4 20. Qxe4 f5 21. Qd5+ Kh8
22. b6 Qd6 23. Qxd6 Bxd6 24. b7 Rab8 25. a6 Bc7 26. Bd2 Rf6 27. Rfb1 Rc6 28. Rb5
Kg8 29. Kg2 Kf7 30. Ba5 Ke6 31. Bxc7 Rxc7 32. Kf3 Kd6 33. e3 Rc6 34. Ke2 Rc7 35.
f3 Rc6 36. Kd3 g5 37. h3 h5 38. exd4 exd4 39. Rb2 Rc7 40. Re2 Rc6 41. Rae1 Kc7
42. Re7+ Kb6 43. Re8 1-0

[Event "Women's Speed Chess Q2"]
[Site "chess.com INT"]
[Date "2020.06.19"]
[Round "2"]
[White "Zavivaeva, Evelina"]
[Black "Fernandez, Maria Florencia"]
[Result "0-1"]
[WhiteTitle "WCM"]
[BlackTitle "WIM"]
[WhiteElo "1619"]
[BlackElo "2229"]
[WhiteFideId "44127839"]
[BlackFideId "116459"]
[EventDate "2020.06.19"]

1. e4 d6 2. Nf3 Nf6 3. Nc3 g6 4. d4 Bg7 5. Be2 O-O 6. O-O c6 7. Bf4 b5 8. e5 Ne8
9. Ne4 dxe5 10. dxe5 Qxd1 11. Raxd1 Nc7 12. c4 Ne6 13. Bg3 Bb7 14. Nd4 Nxd4 15.
Rxd4 a6 16. Nc5 Bc8 17. Bf3 bxc4 18. Rxc4 Bf5 19. Rfc1 Bh6 20. Bf4 Bxf4 21. Rxf4
Ra7 22. Nb3 Rd7 23. h3 Rfd8 24. Bxc6 Rc7 25. Bf3 Rxc1+ 26. Nxc1 Rd2 27. Rb4 Nd7
28. Ne2 Nxe5 29. Ng3 Nxf3+ 30. gxf3 Bxh3 31. Kh2 Be6 32. Kg2 Bxa2 33. Rb8+ Kg7
34. Ra8 Bc4 35. Rb8 Bb5 36. Ne4 Rxb2 37. Rb7 Bf1+ 0-1

[Event "Women's Speed Chess Q2"]
[Site "chess.com INT"]
[Date "2020.06.19"]
[Round "2"]
[White "Antova, Gabriela"]
[Black "Bodnaruk, Anastasia"]
[Result "0-1"]
[WhiteTitle "FM"]
[BlackTitle "IM"]
[WhiteElo "2255"]
[BlackElo "2411"]
[WhiteFideId "2915235"]
[BlackFideId "4181751"]
[EventDate "2020.06.19"]

1. e4 c5 2. Nf3 d6 3. d4 cxd4 4. Nxd4 Nf6 5. Nc3 a6 6. Be3 e5 7. Nb3 Be7 8. f3
Be6 9. Qd2 O-O 10. O-O-O a5 11. a4 Nc6 12. g4 Nb4 13. h4 Rc8 14. g5 Nh5 15. Bh3
Bxh3 16. Rxh3 Rc6 17. Rh2 Qa8 18. Kb1 Rfc8 19. Rc1 b6 20. Qd1 Rxc3 21. bxc3 Rxc3
22. Bxb6 Qb7 23. Bxa5 Nf4 24. Bxb4 Qxb4 25. a5 Ne6 26. Rd2 Nc5 27. Kb2 Na4+ 28.
Kb1 Qa3 0-1

[Event "Women's Speed Chess Q2"]
[Site "chess.com INT"]
[Date "2020.06.19"]
[Round "2"]
[White "Dwilewicz, Katarzyna"]
[Black "Zawadzka, Jolanta"]
[Result "0-1"]
[WhiteTitle "WFM"]
[BlackTitle "WGM"]
[WhiteElo "2120"]
[BlackElo "2419"]
[WhiteFideId "1148486"]
[BlackFideId "1122320"]
[EventDate "2020.06.19"]

1. e4 c5 2. Nf3 Nc6 3. d4 cxd4 4. Nxd4 e6 5. Nc3 Qc7 6. g3 a6 7. Bg2 h5 8. O-O
Nf6 9. Re1 Nxd4 10. Qxd4 Bc5 11. Bf4 d6 12. Qd2 Ng4 13. Nd1 e5 14. Be3 Nxe3 15.
Nxe3 Be6 16. Nd5 Bxd5 17. Qxd5 h4 18. c3 hxg3 19. hxg3 Qc6 20. Rad1 Qxd5 21.
Rxd5 Ke7 22. Red1 Rh6 23. a4 Rc8 24. R1d2 Rc7 25. Kf1 Rf6 26. Bh3 Rh6 27. Bg2 g5
28. Bf3 Rc8 29. Bg2 Rch8 30. b4 Ba7 31. Rd1 Rf6 32. R1d2 g4 33. Re2 Rc8 34. Rd3
a5 35. b5 Rc4 36. Ra2 Bb6 37. Kg1 Rc8 38. Kf1 Bc5 39. Rad2 Rg6 40. Rc2 Rg5 41.
Rcd2 Rh8 42. Rd5 Rgh5 43. Re2 Rh1+ 44. Bxh1 Rxh1+ 45. Kg2 Ra1 46. Red2 Rxa4 47.
Rxc5 dxc5 48. Rd5 Rc4 49. Rxe5+ Kd6 50. Rg5 a4 51. Rxg4 a3 52. Rg8 Ra4 53. e5+
Kxe5 0-1

[Event "Women's Speed Chess Q2"]
[Site "chess.com INT"]
[Date "2020.06.19"]
[Round "2"]
[White "Berzina, Ilze"]
[Black "Lee, Dariya"]
[Result "1-0"]
[WhiteTitle "WGM"]
[BlackTitle "WCM"]
[WhiteElo "2192"]
[BlackElo "1523"]
[WhiteFideId "11601345"]
[BlackFideId "13801651"]
[EventDate "2020.06.19"]

1. e4 d6 2. d4 Nf6 3. Nc3 g6 4. f4 Bg7 5. Nf3 Bg4 6. Be2 Bxf3 7. Bxf3 Nc6 8. e5
dxe5 9. fxe5 Nd7 10. O-O e6 11. Ne4 O-O 12. Bg5 Ne7 13. c3 h6 14. Bf6 Bxf6 15.
exf6 Nd5 16. Qe1 N7xf6 17. Nxf6+ Nxf6 18. Qh4 Kg7 19. Rf2 Nd5 20. Qg3 Ne3 21.
Bxb7 Nf5 22. Qe5+ f6 23. Qxe6 Re8 24. Qd5 Qxd5 25. Bxd5 Rab8 26. Bb3 Ne3 27. Re1
Ng4 28. Rfe2 Rxe2 29. Rxe2 f5 30. Re7+ Kf6 31. Rxc7 Re8 32. Rc6+ Kg5 33. Re6 Rd8
34. h3 Nf6 35. h4+ Kxh4 36. Rxf6 Kg5 37. Re6 a5 38. d5 Ra8 39. d6 a4 40. Bd5 Rd8
41. c4 f4 42. c5 Kf5 43. c6 h5 44. d7 g5 45. Re8 Rxe8 46. dxe8=Q 1-0

[Event "Women's Speed Chess Q2"]
[Site "chess.com INT"]
[Date "2020.06.19"]
[Round "2"]
[White "Foisor, Sabina-Francesca"]
[Black "Maltsevskaya, Aleksandra"]
[Result "0-1"]
[WhiteTitle "WGM"]
[BlackTitle "WGM"]
[WhiteElo "2228"]
[BlackElo "2272"]
[WhiteFideId "1212915"]
[BlackFideId "24174041"]
[EventDate "2020.06.19"]

1. d4 Nf6 2. c4 g6 3. Nf3 Bg7 4. g3 O-O 5. Bg2 d6 6. O-O Nbd7 7. Nc3 e5 8. e4
exd4 9. Nxd4 Nc5 10. Bg5 h6 11. Bf4 Re8 12. Re1 Ng4 13. h3 Ne5 14. Bxe5 dxe5 15.
Ndb5 c6 16. Na3 Ne6 17. b4 a5 18. b5 Qe7 19. Nc2 Rd8 20. Qc1 Nd4 21. Qb2 Be6 22.
Ne3 a4 23. a3 Qc5 24. Qb4 Nb3 25. Qxc5 Nxc5 26. Red1 Bf8 27. Bf1 Nb3 28. Rxd8
Rxd8 29. Ra2 Nc5 30. f3 Rd4 31. Kf2 Nd3+ 0-1

[Event "Women's Speed Chess Q2"]
[Site "chess.com INT"]
[Date "2020.06.19"]
[Round "2"]
[White "Kovacs, Klara"]
[Black "Batsiashvili, Nino"]
[Result "0-1"]
[WhiteTitle "WIM"]
[BlackTitle "GM"]
[WhiteElo "2154"]
[BlackElo "2457"]
[WhiteFideId "733210"]
[BlackFideId "13602993"]
[EventDate "2020.06.19"]

1. Nf3 d5 2. g3 Nf6 3. Bg2 g6 4. c4 dxc4 5. Qa4+ Nbd7 6. Qxc4 Bg7 7. O-O O-O 8.
Qc2 c5 9. Nc3 Rb8 10. d3 Re8 11. Be3 b6 12. Rac1 Bb7 13. a3 Nd5 14. Nxd5 Bxd5
15. b4 Rc8 16. b5 e5 17. Qa4 e4 18. Nd2 Nf6 19. dxe4 Ba8 20. Rfd1 Qe7 21. f3 Nd5
22. exd5 Qxe3+ 23. Kh1 Bxd5 24. Nf1 Qe6 25. Qf4 Bb3 26. Rd2 c4 27. e4 c3 28. Re2
Bc4 29. Rec2 Bxb5 30. Ne3 Bd3 31. Rf2 Qe5 32. Qxe5 Bxe5 33. Nd5 Bd4 34. Ra2 Bc4
35. Rac2 Bb3 36. Re2 Bxd5 0-1

[Event "Women's Speed Chess Q2"]
[Site "chess.com INT"]
[Date "2020.06.19"]
[Round "2"]
[White "Sharmin, Samiha Shimmi"]
[Black "Kazarian, Anna-Maja"]
[Result "1-0"]
[WhiteTitle "WCM"]
[BlackTitle "FM"]
[WhiteElo "1812"]
[BlackElo "2096"]
[WhiteFideId "10203087"]
[BlackFideId "1033689"]
[EventDate "2020.06.19"]

1. e4 e6 2. d4 d5 3. Nc3 Nf6 4. e5 Nfd7 5. f4 c5 6. Nf3 Nc6 7. Be3 Be7 8. Qd2
Qb6 9. Na4 Qb4 10. Nxc5 Nxc5 11. dxc5 Qxb2 12. Rc1 Bd7 13. Be2 Qb4 14. c3 Qa5
15. O-O Bxc5 16. Nd4 Nxd4 17. Bxd4 Bxd4+ 18. Qxd4 Rc8 19. Rf3 Qc5 20. Rb1 Qxd4+
21. cxd4 b6 22. Ra3 Rc7 23. Bd3 O-O 24. g4 Rfc8 25. Kf2 Rc3 26. Rbb3 Rxb3 27.
Rxb3 Rc1 28. Kg3 Ra1 29. a3 h6 30. f5 1-0

[Event "Women's Speed Chess Q2"]
[Site "chess.com INT"]
[Date "2020.06.19"]
[Round "2"]
[White "Kantane, Anna"]
[Black "Sliwicka, Alicja"]
[Result "0-1"]
[WhiteTitle "WIM"]
[BlackTitle "WIM"]
[WhiteElo "2252"]
[BlackElo "2317"]
[WhiteFideId "1135988"]
[BlackFideId "1150677"]
[EventDate "2020.06.19"]

1. e4 c5 2. Nf3 d6 3. Bb5+ Bd7 4. a4 g6 5. O-O Bg7 6. c3 Nf6 7. Re1 O-O 8. Na3
Nc6 9. h3 a6 10. Bf1 e5 11. Nc4 Qc7 12. a5 Rae8 13. d3 d5 14. exd5 Nxd5 15. Ng5
f5 16. Qb3 Kh8 17. Nb6 Nxb6 18. axb6 Qc8 19. Nf7+ Rxf7 20. Qxf7 Nd8 21. Qc4 Qc6
22. Qh4 Qxb6 23. d4 cxd4 24. cxd4 e4 25. Bh6 Bxd4 26. Rad1 Nf7 27. Be3 Bxe3 28.
Rxe3 Ne5 29. Rc3 Qe6 0-1

[Event "Women's Speed Chess Q2"]
[Site "chess.com INT"]
[Date "2020.06.19"]
[Round "2"]
[White "Huda, Maryana"]
[Black "Nikulina, Alena"]
[Result "1-0"]
[WhiteTitle "WGM"]
[BlackTitle "WFM"]
[WhiteElo "2128"]
[BlackElo "1887"]
[WhiteFideId "14116553"]
[BlackFideId "4172051"]
[EventDate "2020.06.19"]

1. e4 c5 2. Nf3 d6 3. d4 cxd4 4. Nxd4 Nf6 5. Nc3 a6 6. a4 e5 7. Nb3 Be6 8. Be2
Be7 9. O-O d5 10. exd5 Nxd5 11. Nxd5 Qxd5 12. Qxd5 Bxd5 13. c4 Bc6 14. Na5 O-O
15. Bd2 Rd8 16. Bc3 e4 17. b4 f5 18. b5 axb5 19. axb5 Be8 20. Nxb7 Rxa1 21. Rxa1
Rd7 22. Na5 f4 23. Be5 Bd6 24. Bc3 e3 25. Nb3 exf2+ 26. Kxf2 Rb7 27. Bf3 Re7 28.
Rd1 Be5 29. Re1 Nd7 30. Bc6 Bf6 31. Rxe7 Bxe7 32. b6 Kf7 33. b7 Nb8 34. Bd5+ Kf8
35. Be5 Na6 36. b8=Q Nxb8 37. Bxb8 1-0

[Event "Women's Speed Chess Q2"]
[Site "chess.com INT"]
[Date "2020.06.19"]
[Round "2"]
[White "Golubenko, Valentina"]
[Black "Khomeriki, Nino"]
[Result "0-1"]
[WhiteTitle "WGM"]
[BlackTitle "WGM"]
[WhiteElo "2209"]
[BlackElo "2319"]
[WhiteFideId "4501993"]
[BlackFideId "13603191"]
[EventDate "2020.06.19"]

1. d4 Nf6 2. Nf3 d5 3. g3 c6 4. Bg2 g6 5. O-O Bg7 6. c4 O-O 7. Nc3 dxc4 8. Ne5
Be6 9. e4 Nbd7 10. f4 Qc8 11. Qe2 b5 12. Nxc6 Qxc6 13. d5 Qb6+ 14. Be3 Bg4 15.
Qf2 Qa6 16. h3 b4 17. e5 bxc3 18. exf6 Nxf6 19. bxc3 Bf5 20. d6 Ne4 21. Qf3 Nxd6
22. Qxa8 Rxa8 23. Bxa8 Bxh3 24. Rfc1 h5 25. Bg2 Bxg2 26. Kxg2 Qc6+ 27. Kf2 Ne4+
28. Ke1 Nxc3 29. Kf2 Ne4+ 30. Kg1 Nxg3 31. Rab1 Qh1+ 32. Kf2 Ne4+ 33. Ke2 Qg2+
34. Ke1 Bc3+ 35. Rxc3 Nxc3 36. Rb8+ Kh7 37. Bf2 Qe4+ 38. Kf1 Qh1+ 39. Bg1 Qf3+
40. Bf2 Nd1 41. Rb2 Nxb2 42. Kg1 Nd1 43. Kh2 Qxf2+ 44. Kh1 Ne3 45. f5 Qg2# 0-1

[Event "Women's Speed Chess Q2"]
[Site "chess.com INT"]
[Date "2020.06.19"]
[Round "2"]
[White "Cori T., Deysi"]
[Black "Rakhmangulova, Anastasiya"]
[Result "1-0"]
[WhiteTitle "WGM"]
[BlackTitle "WIM"]
[WhiteElo "2388"]
[BlackElo "2191"]
[WhiteFideId "3801934"]
[BlackFideId "14117479"]
[EventDate "2020.06.19"]

1. d4 d5 2. c4 c6 3. Nc3 Nf6 4. e3 a6 5. a4 Bf5 6. cxd5 cxd5 7. Qb3 Qd7 8. Nf3
Nc6 9. Bd2 e6 10. a5 Ne4 11. Nxe4 Bxe4 12. Be2 Bd6 13. O-O O-O 14. Rfc1 Rac8 15.
h3 f5 16. Qa4 f4 17. exf4 Bxf4 18. Bxf4 Rxf4 19. Ne5 Nxe5 20. Rxc8+ Qxc8 21.
dxe5 Qf8 22. Qd7 Rxf2 23. Qxe6+ Kh8 24. Bf1 h6 25. Rc1 Rc2 26. Rxc2 Bxc2 27.
Qxd5 Qf4 28. Qc5 Be4 29. e6 Qf6 30. e7 Bg6 31. Bc4 Kh7 32. Qc8 Qxe7 33. Qg8# 1-0

[Event "Women's Speed Chess Q2"]
[Site "chess.com INT"]
[Date "2020.06.19"]
[Round "2"]
[White "Petrova, Irina"]
[Black "Zvereva, Margarita"]
[Result "1-0"]
[WhiteTitle "WIM"]
[BlackTitle "WFM"]
[WhiteElo "2087"]
[BlackElo "1929"]
[WhiteFideId "14124122"]
[BlackFideId "34177741"]
[EventDate "2020.06.19"]

1. d4 d5 2. c4 e6 3. Nc3 Nf6 4. Bg5 Be7 5. e3 h6 6. Bh4 O-O 7. Nf3 Nbd7 8. Rc1
a6 9. cxd5 exd5 10. Bd3 c5 11. O-O c4 12. Bb1 b5 13. Ne5 b4 14. Nc6 Qe8 15.
Nxe7+ Qxe7 16. Nxd5 Qe6 17. Nxf6+ Nxf6 18. Qc2 g6 19. Qxc4 Qd6 20. Bxf6 Qxf6 21.
Qxb4 Qg5 22. Be4 Ra7 23. Qc5 Qxc5 24. Rxc5 Be6 25. d5 Bd7 26. Rfc1 Rb8 27. b3
Kf8 28. Rc7 Rxc7 29. Rxc7 Ke8 30. h3 a5 31. Bd3 a4 32. Bc4 Kd8 33. Ra7 axb3 34.
axb3 Bb5 35. Rxf7 Bxc4 36. Rf8+ Kc7 37. Rxb8 Kxb8 38. bxc4 Kc7 39. e4 Kd6 40. f4 1-0

[Event "Women's Speed Chess Q2"]
[Site "chess.com INT"]
[Date "2020.06.19"]
[Round "2"]
[White "Starosta, Martyna"]
[Black "Paramzina, Anastasya"]
[Result "0-1"]
[WhiteTitle "WCM"]
[BlackTitle "WGM"]
[WhiteElo "2079"]
[BlackElo "2209"]
[WhiteFideId "21818754"]
[BlackFideId "4165012"]
[EventDate "2020.06.19"]

1. e4 c5 2. Nf3 d6 3. d4 Nf6 4. Bd3 Nc6 5. dxc5 dxc5 6. O-O Bg4 7. Be3 e6 8.
Nbd2 Be7 9. h3 Bh5 10. Be2 Qc7 11. Re1 O-O-O 12. Nh2 Bg6 13. f3 Bd6 14. Nhf1 h6
15. c3 Bh7 16. Qc2 g5 17. g4 Bf4 18. Bxf4 gxf4 19. Kg2 h5 20. Nc4 hxg4 21. hxg4
Nd7 22. Bd3 f5 23. exf5 exf5 24. Bxf5 Bxf5 25. Qxf5 Kb8 26. Rad1 Nb6 27. Rxd8+
Rxd8 28. Nxb6 axb6 29. Qg6 Qd7 30. Qf5 Qd6 31. Re2 Ka7 32. Nd2 Rh8 33. Ne4 Qh6
34. Nf2 Qh2+ 35. Kf1 Qg3 36. Ke1 Qxf3 37. Qe4 Qg3 0-1

[Event "Women's Speed Chess Q2"]
[Site "chess.com INT"]
[Date "2020.06.19"]
[Round "2"]
[White "De Seroux, Camille"]
[Black "Rakshitta, Ravi"]
[Result "0-1"]
[WhiteTitle "WIM"]
[BlackTitle "WIM"]
[WhiteElo "2137"]
[BlackElo "2190"]
[WhiteFideId "1305620"]
[BlackFideId "25073230"]
[EventDate "2020.06.19"]

1. e4 e5 2. Nc3 Nf6 3. f4 d5 4. fxe5 Nxe4 5. Nf3 Nxc3 6. bxc3 Be6 7. d4 Be7 8.
Bd3 c5 9. O-O Nc6 10. Qe1 cxd4 11. cxd4 Qb6 12. Be3 Nb4 13. Rb1 Nxd3 14. cxd3
Qa6 15. Qe2 O-O 16. Ng5 Bxg5 17. Bxg5 Rac8 18. Rb2 Rc3 19. Rd2 Qa4 20. Be3 Rd8
21. Qf2 Rdc8 22. Qg3 Rc2 23. Rdf2 Rxf2 24. Rxf2 Qd1+ 25. Rf1 Qxd3 26. Qg5 Qg6
27. Qxg6 hxg6 28. Rc1 Rc4 29. Kf2 Kf8 30. Ke2 Ke7 31. Kd2 Kd7 32. Rc3 Kc6 33. g3
b5 34. a3 a5 35. Kc2 b4 36. axb4 axb4 37. Rxc4+ dxc4 38. Kb2 Kd5 39. Bf2 Bf5 40.
h3 Bxh3 41. Be1 Kxd4 42. Bxb4 Kxe5 43. Bc3+ Ke4 44. Bxg7 Kd3 45. Be5 f5 46. Bf6
Bf1 47. Be5 g5 48. Bf6 f4 49. gxf4 gxf4 50. Be5 f3 51. Bg3 Ke3 52. Kc3 Bd3 0-1

[Event "Women's Speed Chess Q2"]
[Site "chess.com INT"]
[Date "2020.06.19"]
[Round "2"]
[White "Kabanova, Ekaterina"]
[Black "Rivera, Ingris"]
[Result "1-0"]
[WhiteTitle "WFM"]
[BlackTitle "WIM"]
[WhiteElo "2138"]
[BlackElo "2249"]
[WhiteFideId "24112917"]
[BlackFideId "4402472"]
[EventDate "2020.06.19"]

1. c4 Nf6 2. Nf3 g6 3. d4 Bg7 4. Nc3 O-O 5. e4 d6 6. h3 e5 7. d5 c6 8. Bd3 cxd5
9. cxd5 Na6 10. Bxa6 bxa6 11. O-O Bd7 12. Be3 Rb8 13. Qd2 Rb7 14. b3 Nh5 15. Bh6
Nf4 16. Bg5 Qa5 17. Rfc1 Rc7 18. a3 Rxc3 19. b4 Rxc1+ 20. Qxc1 Qb6 21. Bxf4 exf4
22. Ra2 f5 23. exf5 Bxf5 24. Re2 Qb5 25. Re7 Rc8 26. Qe1 Bf6 27. Rxa7 Qd3 28.
Kh2 Bd4 29. Rb7 Be4 30. Ng5 Bxd5 31. Qe7 f3 32. Qxh7+ Kf8 33. Rf7+ Ke8 34. Qg8# 1-0

[Event "Women's Speed Chess Q2"]
[Site "chess.com INT"]
[Date "2020.06.19"]
[Round "2"]
[White "Vantika, Agrawal"]
[Black "Vittal, Sanjana"]
[Result "1-0"]
[WhiteTitle "WIM"]
[BlackTitle "WFM"]
[WhiteElo "2286"]
[BlackElo "1961"]
[WhiteFideId "25050389"]
[BlackFideId "2097486"]
[EventDate "2020.06.19"]

1. d4 d5 2. c4 e6 3. Nf3 Nf6 4. g3 dxc4 5. Bg2 Nc6 6. Qa4 Bd7 7. Qxc4 Na5 8. Qd3
c5 9. O-O c4 10. Qc2 Bd6 11. e4 Be7 12. Rd1 O-O 13. Ne5 Rc8 14. Nc3 b5 15. d5 b4
16. Nxd7 Nxd7 17. Nb5 e5 18. Nxa7 Bc5 19. Nxc8 Qxc8 20. Bh3 Qc7 21. Qe2 Nf6 22.
Bg2 Qb6 23. Rf1 Rd8 24. Bg5 h6 25. Bxf6 Qxf6 26. Rac1 Qb6 27. Kh1 Ra8 28. f4 f6
29. fxe5 fxe5 30. Qg4 Qc7 31. Rf5 Kh7 32. Rcf1 Ra7 33. Qf3 Bd4 34. h4 1-0

[Event "Women's Speed Chess Q2"]
[Site "chess.com INT"]
[Date "2020.06.19"]
[Round "2"]
[White "Divya, Deshmukh"]
[Black "Mamedjarova, Zeinab"]
[Result "1-0"]
[WhiteTitle "WIM"]
[BlackTitle "WGM"]
[WhiteElo "2305"]
[BlackElo "2274"]
[WhiteFideId "35006916"]
[BlackFideId "13401521"]
[EventDate "2020.06.19"]

1. e4 e5 2. Nc3 Nf6 3. Bc4 Bc5 4. d3 d6 5. f4 exf4 6. Bxf4 Nc6 7. Qd2 a6 8. a3
Ng4 9. Nh3 h6 10. Rf1 Nce5 11. Bb3 Bd4 12. Ne2 Bxb2 13. Ra2 Qf6 14. Rxb2 Nc4 15.
Bxc4 Qxb2 16. Bxf7+ Ke7 17. Bb3 Rf8 18. Bg5+ hxg5 19. Qxg5+ Nf6 20. Qxg7+ Ke8
21. Qg6+ Ke7 22. Ng5 d5 23. Qg7+ Ke8 24. Qxc7 Bg4 25. h3 Bxe2 26. Kxe2 Rd8 27.
Qxb7 Rd7 28. Qb8+ Ke7 29. Qb4+ Ke8 30. Rf5 1-0